Logo CIB grande

PLANTAS MEDICINALES Y AROMATICAS: ESTUDIO CULTIVO Y PROCESADO (Registro nro. 222869)

Detalles MARC
000 -LEADER
campo de control de longitud fija 00932nam a2200253Ia 4500
005 - FECHA Y HORA DE LA ÚLTIMA TRANSACCIÓN
campo de control 20250425162127.0
008 - DATOS DE LONGITUD FIJA--INFORMACIÓN GENERAL
campo de control de longitud fija 250425s9999 xx 000 0 und d
020 ## - NÚMERO INTERNACIONAL ESTÁNDAR DEL LIBRO
Número Internacional Estándar del Libro 847114624x
041 ## - CÓDIGO DE IDIOMA
Código de lengua del texto/banda sonora o título independiente spa
082 ## - NÚMERO DE LA CLASIFICACIÓN DECIMAL DEWEY
Número de clasificación 633.88
010 ## - NÚMERO DE CONTROL DE LA BIBLIOTECA DEL CONGRESO
Número de control de LC 51604
100 ## - ENTRADA PRINCIPAL--NOMBRE DE PERSONA
Nombre de persona MUNOZ LOPEZ, FERNANDO
245 #0 - MENCIÓN DEL TÍTULO
Título PLANTAS MEDICINALES Y AROMATICAS: ESTUDIO CULTIVO Y PROCESADO
250 ## - MENCION DE EDICION
Mención de edición 1A ED.
260 ## - PUBLICACIÓN, DISTRIBUCIÓN, ETC.
Lugar de publicación, distribución, etc. España
Nombre del editor, distribuidor, etc. MUNDI PRENSA
Fecha de publicación, distribución, etc. 2000
260 ## - PUBLICACIÓN, DISTRIBUCIÓN, ETC.
Lugar de publicación, distribución, etc. MADRID
300 ## - DESCRIPCIÓN FÍSICA
Extensión 365
500 ## - NOTA GENERAL
Nota general EN CIBGZ-FIMCP 50209 PARA ING. AGROP. Y TECN. AGRICOLA.
520 ## - RESUMEN, ETC.
Sumario, etc. LAS PLANTAS MEDICINALES. SON AQUELLOS VEGETALES QUE ELABORAN UNOS PRODUCTOS LLAMADOS PRINCIPIOS ACTIVOS, QUE SON SUSTANCIAS QUE EJERCEN UNA ACCION FARMACOLOGICA BENEFICIOSA O PERJUCIAL, SOBRE EL ORGANISMO VIVO. SU UTILIDAD PRIMORDIAL, AVECES ESPECIFICA, E
650 ## - PUNTO DE ACCESO ADICIONAL DE MATERIA--TÉRMINO DE MATERIA
Término de materia o nombre geográfico como elemento de entrada MAQUINARIAS AGRICOLAS
650 ## - PUNTO DE ACCESO ADICIONAL DE MATERIA--TÉRMINO DE MATERIA
Término de materia o nombre geográfico como elemento de entrada PLANTAS MEDICINALES
650 ## - PUNTO DE ACCESO ADICIONAL DE MATERIA--TÉRMINO DE MATERIA
Término de materia o nombre geográfico como elemento de entrada VIVEROS(HORTICULTURA)
942 ## - ELEMENTOS DE ENTRADA SECUNDARIOS (KOHA)
Tipo de ítem Koha Libros
Existencias
Estatus retirado Estado de pérdida Estado de daño No para préstamo Biblioteca de origen Biblioteca actual Fecha de adquisición Coste, precio normal de compra Total de préstamos Código de barras Copia número
        FACULTAD DE INGENIERIA MECANICA Y CIENCIAS DE LA PRODUCCION FACULTAD DE INGENIERIA MECANICA Y CIENCIAS DE LA PRODUCCION 11/12/2003 54.00   50209 1

Copyright 2025 ESPOL. Todos los derechos reservados.